00531nam a2200181Ia 4500003000400000005001700004008004100021020002900062040001700091082002400108100002900132245009700161260002800258300001700286650001200303650001500315700001900330IIN20240202114742.0231217s9999 xx 000 0 und d cRs.225.00a9789351525745 aIINbEnglish a612 bSEE1 aSeervi, Rajendra Prasad 1 aAnatomy & Physiology :bfor BSc Nursing 1st Year /cRajendra Prasad Seervi and Abhishak Soni bJaypeeaNew Delhic2015 a[3] 4-264 p.1 aAnatomy1 aPhysiology1 aSoni, Abhishak